| 000 | 00416nam a2200181Ia 4500 | ||
|---|---|---|---|
| 001 | 23820 | ||
| 005 | 20260414151003.0 | ||
| 008 | 260414t2024||||xx |||||||||||||| ||spa|| | ||
| 041 | _aESP | ||
| 082 |
_a711.4 _bL595 |
||
| 100 |
_aLynch, Kevin, _eAUT |
||
| 245 | 0 |
_aLa imagen de la ciudad _b |
|
| 260 | _c2024 | ||
| 300 |
_a203 páginas : _c23 cm. |
||
| 650 | _aABD | ||
| 654 | _aCAU | ||
| 942 |
_cLIB _dJUS _fJUS _2ddc _n |
||
| 999 |
_c23820 _d23820 |
||